Policz jak najwyższej w jedną minutę - Statystyki

Ogólne statystyki
  • Ten quiz został rozwiązany 289 razy
    194 od ostatniego zresetowania
  • Średni wynik to 81 z 120
Statystyki odpowiedzi
Liczba % Poprawnych
1
100%
2
100%
10
99%
11
99%
12
99%
13
99%
3
99%
4
99%
5
99%
6
99%
7
99%
8
99%
9
99%
14
97%
15
97%
16
97%
17
97%
18
97%
19
97%
20
96%
21
94%
22
94%
23
94%
24
94%
25
94%
26
94%
27
94%
28
94%
29
94%
30
93%
31
93%
32
93%
33
93%
34
93%
35
93%
36
93%
37
93%
38
93%
39
93%
40
93%
41
93%
42
93%
43
93%
44
93%
45
93%
46
93%
47
91%
48
91%
49
90%
50
90%
51
90%
52
89%
53
87%
54
86%
55
84%
56
84%
57
84%
58
83%
59
83%
60
83%
61
83%
62
83%
63
81%
64
80%
65
80%
66
79%
67
76%
68
74%
69
74%
70
73%
71
69%
72
69%
73
67%
74
66%
75
64%
76
64%
77
60%
78
59%
79
57%
80
56%
81
53%
82
53%
83
50%
84
49%
85
49%
86
47%
87
46%
88
44%
89
43%
90
41%
91
40%
92
39%
93
37%
94
36%
95
34%
96
34%
97
33%
98
33%
99
33%
100
29%
101
26%
102
24%
103
23%
104
20%
105
20%
106
19%
107
19%
108
16%
109
14%
110
13%
111
11%
112
10%
113
9%
114
9%
115
7%
116
7%
117
7%
118
6%
119
6%
120
6%
Nie znaleziono quizów pasujących do podanych kryteriów
Rozkład punktacji
Procent ludzi z każdym wynikiem
Percentyl według liczby udzielonych odpowiedzi
Twoja historia wyników
Nie rozwiązałeś tego quizu od ostatniego zresetowania